00352 2200145 4500001002100000005001500021035002000036245004000056100001600096300001200112260004800124082000800172084001400180990001200194INLIS00000000000233620250528101428 a0010-05250006281 aMenyibak Tabir Hidup /cDani Ronnie0 aDani Ronnie a149 hlm aJakarta :bPT. Elek Media Komputindo,c2005 a000 a000 DAN m a0712338